<?xml version="1.0" encoding="UTF-8"?>
<record
    xmlns:xsi="http://www.w3.org/2001/XMLSchema-instance"
    xsi:schemaLocation="http://www.loc.gov/MARC21/slim http://www.loc.gov/standards/marcxml/schema/MARC21slim.xsd"
    xmlns="http://www.loc.gov/MARC21/slim">

  <leader>00954nam a22002297a 4500</leader>
  <controlfield tag="003">BDDh-ASL</controlfield>
  <controlfield tag="005">20231015031256.0</controlfield>
  <controlfield tag="008">230125s1968    b  ||||| |||| 00| 0 b   d</controlfield>
  <datafield tag="040" ind1=" " ind2=" ">
    <subfield code="c">BDDh-ASL</subfield>
  </datafield>
  <datafield tag="041" ind1=" " ind2=" ">
    <subfield code="a">bengali </subfield>
  </datafield>
  <datafield tag="082" ind1=" " ind2=" ">
    <subfield code="a">954.92</subfield>
    <subfield code="b">SHP</subfield>
  </datafield>
  <datafield tag="100" ind1="1" ind2=" ">
    <subfield code="a">&#x9B6;&#x9BE;&#x9AE;&#x9B8;&#x9C1;&#x9A6;&#x9CD;&#x9A6;&#x9C0;&#x9A8;, &#x986;&#x9AC;&#x9C1;&#x9B2; &#x995;&#x9BE;&#x9B2;&#x9BE;&#x9AE;</subfield>
    <subfield code="9">2135</subfield>
  </datafield>
  <datafield tag="245" ind1="1" ind2=" ">
    <subfield code="a">&#x9AA;&#x9B2;&#x9BE;&#x9B6;&#x9C0; &#x9A5;&#x9C7;&#x995;&#x9C7; &#x9AA;&#x9BE;&#x995;&#x9BF;&#x9B8;&#x9CD;&#x9A4;&#x9BE;&#x9A8; /</subfield>
  </datafield>
  <datafield tag="246" ind1=" " ind2=" ">
    <subfield code="a">Polashi Theke Pakistan.</subfield>
  </datafield>
  <datafield tag="260" ind1=" " ind2=" ">
    <subfield code="a">&#x9AA;&#x9BE;&#x995;&#x9BF;&#x9B8;&#x9CD;&#x9A4;&#x9BE;&#x9A8;: </subfield>
    <subfield code="b">&#x9AA;&#x9BE;&#x995;&#x9BF;&#x9B8;&#x9CD;&#x9A4;&#x9BE;&#x9A8; &#x9AA;&#x9BE;&#x9AC;&#x9B2;&#x9BF;&#x995;&#x9C7;&#x9B6;&#x9A8;&#x9CD;&#x9B8;, </subfield>
    <subfield code="c">&#x9E7;&#x9EF;&#x9EC;&#x9EE;&#x964; </subfield>
  </datafield>
  <datafield tag="300" ind1=" " ind2=" ">
    <subfield code="a">&#x9E7;&#x9ED;&#x9EA;, &#x99B; &#x9AA;&#x9C3;&#x9B7;&#x9CD;&#x9A0;&#x9BE;: </subfield>
    <subfield code="c">&#x9E8;&#x9E8; &#x9B8;&#x9C7;.&#x9AE;&#x9BF;. </subfield>
  </datafield>
  <datafield tag="504" ind1=" " ind2=" ">
    <subfield code="a">&#x9A8;&#x9BF;&#x9B0;&#x9CD;&#x998;&#x9A3;&#x9CD;&#x99F; &#x9B8;&#x982;&#x9AF;&#x9C1;&#x995;&#x9CD;&#x9A4; &#x964;</subfield>
  </datafield>
  <datafield tag="650" ind1=" " ind2="0">
    <subfield code="a">History (&#x987;&#x9A4;&#x9BF;&#x9B9;&#x9BE;&#x9B8;)</subfield>
    <subfield code="9">4586</subfield>
  </datafield>
  <datafield tag="650" ind1=" " ind2="0">
    <subfield code="a">War of Polashi (&#x9AA;&#x9B2;&#x9BE;&#x9B6;&#x9C0;&#x9B0; &#x9AF;&#x9C1;&#x9A6;&#x9CD;&#x9A7;) </subfield>
    <subfield code="9">6157</subfield>
  </datafield>
  <datafield tag="650" ind1=" " ind2="0">
    <subfield code="a"> History of Pakistan (&#x9AA;&#x9BE;&#x995;&#x9BF;&#x9B8;&#x9CD;&#x9A4;&#x9BE;&#x9A8;&#x9C7;&#x9B0; &#x987;&#x9A4;&#x9BF;&#x9B9;&#x9BE;&#x9B8;)</subfield>
    <subfield code="9">6476</subfield>
  </datafield>
  <datafield tag="942" ind1=" " ind2=" ">
    <subfield code="2">ddc</subfield>
    <subfield code="c">BK</subfield>
  </datafield>
  <datafield tag="952" ind1=" " ind2=" ">
    <subfield code="0">0</subfield>
    <subfield code="1">0</subfield>
    <subfield code="2">ddc</subfield>
    <subfield code="4">0</subfield>
    <subfield code="7">0</subfield>
    <subfield code="8">NFIC</subfield>
    <subfield code="a">ASL</subfield>
    <subfield code="b">ASL</subfield>
    <subfield code="c">GEN</subfield>
    <subfield code="d">2023-03-28</subfield>
    <subfield code="e">Donated by Professor Husniara Huq - A. K. M. Azizul Haq Collection</subfield>
    <subfield code="l">0</subfield>
    <subfield code="o">954.92 SHP</subfield>
    <subfield code="p">120133</subfield>
    <subfield code="r">2023-03-28 00:00:00</subfield>
    <subfield code="t">C-1</subfield>
    <subfield code="w">2023-03-28</subfield>
    <subfield code="y">BK</subfield>
    <subfield code="z">RARE</subfield>
  </datafield>
  <datafield tag="999" ind1=" " ind2=" ">
    <subfield code="c">31462</subfield>
    <subfield code="d">31462</subfield>
  </datafield>
</record>
